Integration of multispectral satellite and hyperspectral field data for aquatic macrophyte studies (Record no. 4571)

MARC details
000 -LEADER
fixed length control field 00646nam a22001697a 4500
003 - CONTROL NUMBER IDENTIFIER
control field OSt
005 - DATE AND TIME OF LATEST TRANSACTION
control field 20220107122757.0
008 - FIXED-LENGTH DATA ELEMENTS--GENERAL INFORMATION
fixed length control field 150330b xxu||||| |||| 00| 0 eng d
040 ## - CATALOGING SOURCE
Transcribing agency
100 ## - MAIN ENTRY--PERSONAL NAME
Personal name Kavya Nath(92312006)
9 (RLIN) 6328
245 ## - TITLE STATEMENT
Title Integration of multispectral satellite and hyperspectral field data for aquatic macrophyte studies
502 ## - DISSERTATION NOTE
Degree type MSc. Geoinformatics
Name of granting institution 2012 - 2014
Year degree granted INT
-- Radhakrishnan T
-- John C Mathew (School of Environmental Sciences)
Miscellaneous information "School of Environmental Sciences, Kottayam"
650 ## - SUBJECT ADDED ENTRY--TOPICAL TERM
Topical term or geographic name entry element IMAGING SPECTROSCOPY
9 (RLIN) 6329
650 ## - SUBJECT ADDED ENTRY--TOPICAL TERM
Topical term or geographic name entry element REMOTE SENSING
9 (RLIN) 6330
650 ## - SUBJECT ADDED ENTRY--TOPICAL TERM
Topical term or geographic name entry element SPECTRAL CHARACTERIZATION
9 (RLIN) 6331
942 ## - ADDED ENTRY ELEMENTS (KOHA)
Source of classification or shelving scheme Dewey Decimal Classification
Koha item type
Holdings
Withdrawn status Lost status Source of classification or shelving scheme Damaged status Not for loan Home library Current library Date acquired Total Checkouts Barcode Date last seen Price effective from Koha item type
    Dewey Decimal Classification     IIITM-K Kerala University of Digital Sciences, Innovation and Technology Knowledge Centre 30/03/2015   R-501 30/03/2015 30/03/2015 Project Reports